Sborník vedeckých prác Lesníckej fakulty Vysokej školy lesníckej a drevárskej vo Zvolene
| New Title: | Acta Facultatis Forestalis Zvolen |
|---|---|
| Previous Title: | Sborník vedeckých prác Vysokej školy lesníckej a drevárskej vo Zvolene |
| Format: | Journal |
| Language: | Slovak German English Czech Russian |
| PhysicalDescription: | 15 zv. 23 cm |
| Published: |
Bratislava
Slovenské vydavateľstvo pôdohospodárskej literatúry
1964-1979
Bratislava Príroda |
| ISSN: | 0139-5572 0231-5785 |
| Subjects: |
MARC
| LEADER | 00000cas a2200000 a 4500 | ||
|---|---|---|---|
| 001 | vtls008327206 | ||
| 003 | SK-MaSNL | ||
| 005 | 20260228155835.0 | ||
| 008 | 181128d19641979xo fr|p 000 0slo | ||
| 015 | |a SKSNBA1965/06-01562 (zv. 1/1964) | ||
| 022 | |a 0139-5572 | ||
| 035 | |a SK01SNK19650019423 (zv. 1/1964) | ||
| 035 | |a SKM000021886 (zv. 1/1964) | ||
| 040 | |a SNK |b slo |c SNK |e AACR2 | ||
| 041 | 0 | |a slo |a ger |a eng |a cze |a rus |b rus |b ger |b eng | |
| 044 | |a xo |c SK | ||
| 072 | 7 | |a 630 |x Lesníctvo |2 konspekt | |
| 080 | |a 630 |2 2001 | ||
| 080 | |a (062.552) |2 2001 | ||
| 080 | |a 050 |2 2001 | ||
| 210 | 0 | |a Zb. ved. prác Les. fak. Vys. šk. les. drev. Zvolene | |
| 222 | 0 | |a Zborník vedeckých prác Lesníckej fakulty Vysokej školy lesníckej a drevárskej vo Zvolene | |
| 245 | 0 | 0 | |a Sborník vedeckých prác Lesníckej fakulty Vysokej školy lesníckej a drevárskej vo Zvolene |
| 246 | 3 | 3 | |a Zborník vedeckých prác Lesníckej fakulty Vysokej školy lesníckej a drevárskej vo Zvolene |f 1968-1978 |
| 246 | 1 | 1 | |a Sbornik naučnych rabot Lesnogo fakul'teta Lesotechničeskogo instituta v g. Zvolene |
| 246 | 1 | 1 | |a Collection of scientific works of the Forest faculty of the College of Forestry and Wood Processing in Zvolen |
| 246 | 1 | 1 | |a Collection des travaux scientifiques de la Faculté des forêts de ľÉcole supérieure des forêts et du bois à Zvolen |
| 246 | 1 | 1 | |a Sammlung von wissenschaftlichen Arbeiten der Forstlichen Fakultät der Hochschule für Forst- und Holzwirtschaft in Zvolen |
| 246 | 3 | 1 | |a Acta Facultatis Forestalis Zvolen Czechoslovakia |
| 260 | |a Bratislava |b Slovenské vydavateľstvo pôdohospodárskej literatúry |c 1964-1979 | ||
| 260 | 3 | |3 1969-1979 |a Bratislava |c Príroda | |
| 300 | |a 15 zv. |c 23 cm | ||
| 310 | |a 2x ročne | ||
| 362 | 0 | |a Roč. VI, zv. 1 (1964)-roč. XX, zv. 2 (1978) | |
| 500 | |a Vedecký red.: 1964-1965, Hubert Bezačinský ; 1966, Miroslav Stolina ; 1967-1978, Štefan Šmelko | ||
| 500 | |a Od r. 1969 vydáva Lesnícka fakulta Vysokej školy lesníckej a drevárskej vo Zvolene v Prírode, vydavateľstve pôdohospodárskej literatúry v Bratislave | ||
| 515 | |a R. 1978 vyšiel v r. 1979 | ||
| 515 | |a V r. 1968-1970 vyšli 3 zv. | ||
| 546 | |a Čiast. text aj nem., angl., čes., rus. ; Res. rus., nem. a angl. | ||
| 550 | |a Vydala Vysoká škola lesnícka a drevárska vo Zvolene v Slovenskom vydavateľstve pôdohospodárskej literatúry | ||
| 550 | |a Vydala Lesnícka fakulta Vysokej školy lesníckej a drevárskej vo Zvolene v Slovenskom vydavateľstve pôdohospodárskej literatúry | ||
| 650 | 0 | 7 | |a lesníctvo |2 SNKPH |9 1255 |
| 650 | 0 | 7 | |a Forestry |2 SNKPHeng |9 265216 |
| 655 | 7 | |a zborníky |2 SNKPH |9 70165 | |
| 655 | 7 | |a Papers |2 SNKPHeng |9 265431 | |
| 700 | 1 | |a Bezačinský, Hubert, |d 1910-1975 |4 red |9 38616 | |
| 700 | 1 | |a Stolina, Miroslav, |d 1923-2004 |4 red |9 85875 | |
| 700 | 1 | |a Šmelko, Štefan, |d 1930-2020 |4 red |9 237134 | |
| 710 | 2 | |a Vysoká škola lesnícka a drevárska vo Zvolene. |b Lesnícka fakulta |4 pbl |9 125252 | |
| 780 | 0 | 0 | |t Sborník vedeckých prác Vysokej školy lesníckej a drevárskej vo Zvolene |w vtls010036662 |
| 785 | 0 | 0 | |t Acta Facultatis Forestalis Zvolen |x 0231-5785 |w vtls001474396 |
| 910 | |a snk | ||
| 916 | |a 1964-1978 | ||
| 999 | |c 720 |d 720 | ||
| 952 | |0 0 |1 0 |4 0 |7 0 |a SNK |b SNK |d 2006-03-09 |f 1 |i snkKSP 6009/77 |l 0 |o snkČSC 1028/19/1977/2 |p 17A0500303 |r 2026-02-21 19:47:14 |t zv. 2 |w 2026-02-21 |y PREZ | ||
| 952 | |0 0 |1 0 |4 0 |7 0 |a SNK |b SNK |d 2006-03-09 |f 1 |i snkKSP 6007/77 |l 0 |o snkČSC 1028/19/1977/1 |p 17A0500328 |r 2026-02-21 19:47:14 |t zv. 1 |w 2026-02-21 |y PREZ | ||
| 952 | |0 0 |1 0 |3 rekatalogizácia |4 0 |7 0 |a SNK |b SNK |d 2006-12-04 |i snkKSP 1505/66 |l 0 |o snkČSC 1028/8/1966/1 D1 |p 17A0530081 |r 2026-02-21 20:04:47 |t zv. 1 |w 2026-02-21 |y PREZ | ||
| 952 | |0 0 |1 0 |3 rekatalogizácia |4 0 |7 0 |a SNK |b SNK |d 2006-12-04 |f 1 |i snkKSP 596/67 |l 0 |o snkČSC 1028/8/1966/2 |p 17A0530378 |r 2026-02-21 20:04:48 |t zv. 2 |w 2026-02-21 |y PREZ | ||
| 952 | |0 0 |1 0 |3 rekatalogizácia |4 0 |7 0 |a SNK |b SNK |d 2006-12-04 |i snkKSP 2360/79 |l 0 |o snkČSC 1028/20/1978/1 D1 |p 17A0530377 |r 2026-02-21 20:04:48 |t zv. 1 |w 2026-02-21 |y PREZ | ||
| 952 | |0 0 |1 0 |3 rekatalogizácia |4 0 |7 0 |a SNK |b SNK |d 2006-12-04 |i snkKSP 162/80 |l 0 |o snkČSC 1028/20/1978/2 D1 |p 17A0530470 |r 2026-02-21 20:04:48 |t zv. 2 |w 2026-02-21 |y PREZ | ||
| 952 | |0 0 |1 0 |3 rekatalogizácia |4 0 |7 0 |a SNK |b SNK |d 2006-11-28 |f 1 |i snkKSP 2962/65 |l 0 |o snkČSC 1028/6/1964/1 |p 17A0530587 |r 2026-02-21 20:05:06 |t zv. 1 |w 2026-02-21 |y PREZ | ||
| 952 | |0 0 |1 0 |3 rekatalogizácia |4 0 |7 0 |a SNK |b SNK |d 2008-04-14 |i snkKSP 2476/65 |l 0 |o snkČSC 1028/7/1965/1 D1 |p 17A0585521 |r 2026-02-21 21:01:15 |t zv. 1 |w 2026-02-21 |y PREZ | ||
| 952 | |0 0 |1 0 |3 rekatalogizácia |4 0 |7 0 |a SNK |b SNK |d 2008-04-14 |f 1 |i snkKSP 2475/65 |l 0 |o snkČSC 1028/7/1965/1 |p 17A0585718 |r 2026-02-21 21:01:15 |t zv. 1 |w 2026-02-21 |y PREZ | ||
| 952 | |0 0 |1 0 |3 rekatalogizácia |4 0 |7 0 |a SNK |b SNK |d 2008-04-14 |i snkKSP 6084/65 |l 0 |o snkČSC 1028/7/1965/2 D1 |p 17A0585719 |r 2026-02-21 21:01:15 |t zv. 2 |w 2026-02-21 |y PREZ | ||
| 952 | |0 0 |1 0 |3 rekatalogizácia |4 0 |7 0 |a SNK |b SNK |d 2008-04-14 |i snkKSP 6318/68 |l 0 |o snkČSC 1028/10/1968/1 D1 |p 17A0585569 |r 2026-02-21 21:01:15 |w 2026-02-21 |y PREZ | ||
| 952 | |0 0 |1 0 |3 rekatalogizácia |4 0 |7 0 |a SNK |b SNK |d 2008-04-14 |i snkKSP 777/69 |l 0 |o snkČSC 1028/10/1968/3 D1 |p 17A0585720 |r 2026-02-21 21:01:15 |w 2026-02-21 |y PREZ | ||
| 952 | |0 0 |1 0 |4 0 |7 0 |a SNK |b SNK |d 2013-08-15 |i snkKSP 4505/70 |l 0 |o snkČSC 1028/11/1969/2 D1 |p 17A1022041 |r 2026-02-21 21:14:00 |w 2026-02-21 |y PREZ | ||
| 952 | |0 0 |1 0 |4 0 |7 0 |a SNK |b SNK |d 2013-08-15 |i snkKSP 766/70 |l 0 |o snkČSC 1028/11/1969/3 D1 |p 17A1022040 |r 2026-02-21 21:14:00 |w 2026-02-21 |y PREZ | ||
| 952 | |0 0 |1 0 |4 0 |7 0 |a SNK |b SNK |d 2013-08-15 |i snkKSP 2630/70 |l 0 |o snkČSC 1028/12/1970/1 D1 |p 17A1022039 |r 2026-02-21 21:14:00 |w 2026-02-21 |y PREZ | ||
| 952 | |0 0 |1 0 |4 0 |7 0 |a SNK |b SNK |d 2013-08-15 |i snkKSP 5581/71 |l 0 |o snkČSC 1028/12/1970/2 D1 |p 17A1022038 |r 2026-02-21 21:14:00 |w 2026-02-21 |y PREZ | ||
| 952 | |0 0 |1 0 |4 0 |7 0 |a SNK |b SNK |d 2013-08-15 |i snkKSP 6978/70 |l 0 |o snkČSC 1028/12/1970/3 D1 |p 17A1022037 |r 2026-02-21 21:14:00 |w 2026-02-21 |y PREZ | ||
| 952 | |0 0 |1 0 |4 0 |7 0 |a SNK |b SNK |d 2013-08-15 |i snkKSP 5583/71 |l 0 |o snkČSC 1028/13/1971/1 D1 |p 17A1021630 |r 2026-02-21 21:14:00 |w 2026-02-21 |y PREZ | ||
| 952 | |0 0 |1 0 |4 0 |7 0 |a SNK |b SNK |d 2013-08-15 |i snkKSP 1550/72 |l 0 |o snkČSC 1028/13/1971/2 D1 |p 17A1021649 |r 2026-02-21 21:14:00 |w 2026-02-21 |y PREZ | ||
| 952 | |0 0 |1 0 |4 0 |7 0 |a SNK |b SNK |d 2013-08-15 |i snkKSP 7698/72 |l 0 |o snkČSC 1028/14/1972/1 D1 |p 17A1021650 |r 2026-02-21 21:14:00 |w 2026-02-21 |y PREZ | ||
| 952 | |0 0 |1 0 |4 0 |7 0 |a SNK |b SNK |d 2013-08-15 |i snkKSP 6470/73 |l 0 |o snkČSC 1028/14/1972/2 D1 |p 17A0888579 |r 2026-02-21 21:14:00 |w 2026-02-21 |y PREZ | ||
| 952 | |0 0 |1 0 |4 0 |7 0 |a SNK |b SNK |d 2013-08-15 |i snkKSP 5371/69 |l 0 |o snkČSC 1028/11/1969/1 D1 |p 17A0888578 |r 2026-02-21 21:14:00 |w 2026-02-21 |y PREZ | ||
| 952 | |0 0 |1 0 |4 0 |7 0 |a SNK |b SNK |d 2013-08-15 |i snkKSP 2963/65 |l 0 |o snkČSC 1028/6/1964/1 D1 |p 17A0888662 |r 2026-02-21 21:14:00 |t zv. 1 |w 2026-02-21 |y PREZ | ||
| 952 | |0 0 |1 0 |4 0 |7 0 |a SNK |b SNK |d 2013-08-15 |i snkKSP 6472/73 |l 0 |o snkČSC 1028/15/1973/1 D1 |p 17A0888448 |r 2026-02-21 21:14:00 |w 2026-02-21 |y PREZ | ||
| 952 | |0 0 |1 0 |4 0 |7 0 |a SNK |b SNK |d 2013-08-15 |i snkKSP 6185/74 |l 0 |o snkČSC 1028/16/1974/1 D1 |p 17A0888446 |r 2026-02-21 21:14:01 |w 2026-02-21 |y PREZ | ||
| 952 | |0 0 |1 0 |4 0 |7 0 |a SNK |b SNK |d 2013-08-15 |i snkKSP 6900/75 |l 0 |o snkČSC 1028/16/1974/2 D1 |p 17A0888445 |r 2026-02-21 21:14:01 |w 2026-02-21 |y PREZ | ||
| 952 | |0 0 |1 0 |4 0 |7 0 |a SNK |b SNK |d 2013-08-15 |i snkKSP 2505/76 |l 0 |o snkČSC 1028/17/1975/1 D1 |p 17A1021631 |r 2026-02-21 21:14:01 |w 2026-02-21 |y PREZ | ||
| 952 | |0 0 |1 0 |4 0 |7 0 |a SNK |b SNK |d 2013-08-15 |i snkKSP 2507/76 |l 0 |o snkČSC 1028/17/1975/2 D1 |p 17A0888443 |r 2026-02-21 21:14:01 |w 2026-02-21 |y PREZ | ||
| 952 | |0 0 |1 0 |4 0 |7 0 |a SNK |b SNK |d 2013-08-15 |i snkKSP 179/77 |l 0 |o snkČSC 1028/18/1976/1 D1 |p 17A0888442 |r 2026-02-21 21:14:01 |w 2026-02-21 |y PREZ | ||
| 952 | |0 0 |1 0 |4 0 |7 0 |a SNK |b SNK |d 2013-08-15 |i snkKSP 3264/77 |l 0 |o snkČSC 1028/18/1976/2 D1 |p 17A0888441 |r 2026-02-21 21:14:01 |w 2026-02-21 |y PREZ | ||
| 952 | |0 0 |1 0 |4 0 |7 0 |a SNK |b SNK |d 2013-08-15 |i snkKSP 6008/77 |l 0 |o snkČSC 1028/19/1977/1 D1 |p 17A0888439 |r 2026-02-21 21:14:01 |w 2026-02-21 |y PREZ | ||
| 952 | |0 0 |1 0 |4 0 |7 0 |a SNK |b SNK |d 2013-08-15 |i snkKSP 6010/77 |l 0 |o snkČSC 1028/19/1977/2 D1 |p 17A0888438 |r 2026-02-21 21:14:01 |w 2026-02-21 |y PREZ | ||
| 952 | |0 0 |1 0 |4 0 |7 0 |a SNK |b SNK |d 2013-10-24 |f 1 |i snkKSP 6083/65 |l 0 |o snkČSC 1028/7/1965/2 |p 17A0813219 |r 2026-02-21 21:32:44 |t zv. 2 |w 2026-02-21 |y PREZ | ||
| 952 | |0 0 |1 0 |4 0 |7 0 |a SNK |b SNK |d 1999-06-04 |f 1 |i snkKSP 2506/76 |l 0 |o snkČSC 1028/17/1975/2 |p 17A0195042 |r 2005-01-02 00:00:00 |t zv. 2 |w 2026-02-21 |y PREZ | ||
| 952 | |0 0 |1 0 |4 0 |7 0 |a SNK |b SNK |d 1999-06-04 |f 1 |i snkKSP 2504/76 |l 0 |o snkČSC 1028/17/1975/1 |p 17A0193016 |r 2005-01-02 00:00:00 |t zv. 1 |w 2026-02-21 |y PREZ | ||
| 952 | |0 0 |1 0 |4 0 |7 0 |a SNK |b SNK |d 1999-06-04 |f 1 |i snkKSP 180/77 |l 0 |o snkČSC 1028/18/1976/1 |p 17A0193143 |r 2005-01-02 00:00:00 |t zv. 1 |w 2026-02-21 |y PREZ | ||
| 952 | |0 0 |1 0 |4 0 |7 0 |a SNK |b SNK |d 2013-10-24 |f 1 |i snkKSP 1504/66 |l 0 |o snkČSC 1028/8/1966/1 |p 17A0813220 |r 2026-02-21 21:42:48 |t zv. 1 |w 2026-02-21 |y PREZ | ||
| 952 | |0 0 |1 0 |4 0 |7 0 |a SNK |b SNK |d 2013-10-24 |f 1 |i snkKSP 5520/67 |l 0 |o snkČSC 1028/9/1967/1 |p 17A0813214 |r 2026-02-21 21:42:48 |t zv. 1 |w 2026-02-21 |y PREZ | ||
| 952 | |0 0 |1 0 |4 0 |7 0 |a SNK |b SNK |d 2013-10-24 |f 1 |i snkKSP 6317/68 |l 0 |o snkČSC 1028/10/1968/1 |p 17A0813216 |r 2026-02-21 21:42:48 |t zv. 1 |w 2026-02-21 |y PREZ | ||
| 952 | |0 0 |1 0 |4 0 |7 0 |a SNK |b SNK |d 2013-10-24 |f 1 |i snkKSP 776/69 |l 0 |o snkČSC 1028/10/1968/3 |p 17A0813217 |r 2026-02-21 21:42:48 |t zv. 3 |w 2026-02-21 |y PREZ | ||
| 952 | |0 0 |1 0 |4 0 |7 0 |a SNK |b SNK |d 2013-10-24 |f 1 |i snkKSP 5370/69 |l 0 |o snkČSC 1028/11/1969/1 |p 17A0813222 |r 2026-02-21 21:42:48 |t zv. 1 |w 2026-02-21 |y PREZ | ||
| 952 | |0 0 |1 0 |4 0 |7 0 |a SNK |b SNK |d 2013-10-24 |f 1 |i snkKSP 4504/70 |l 0 |o snkČSC 1028/11/1969/2 |p 17A0813223 |r 2026-02-21 21:42:48 |t zv. 2 |w 2026-02-21 |y PREZ | ||
| 952 | |0 0 |1 0 |4 0 |7 0 |a SNK |b SNK |d 2013-10-24 |f 1 |i snkKSP 765/70 |l 0 |o snkČSC 1028/11/1969/3 |p 17A0813224 |r 2026-02-21 21:42:49 |t zv. 3 |w 2026-02-21 |y PREZ | ||
| 952 | |0 0 |1 0 |4 0 |7 0 |a SNK |b SNK |d 2013-10-24 |f 1 |i snkKSP 2631/70 |l 0 |o snkČSC 1028/12/1970/1 |p 17A0813226 |r 2026-02-21 21:42:49 |t zv. 1 |w 2026-02-21 |y PREZ | ||
| 952 | |0 0 |1 0 |4 0 |7 0 |a SNK |b SNK |d 2013-10-24 |f 1 |i snkKSP 5580/71 |l 0 |o snkČSC 1028/12/1970/2 |p 17A0813227 |r 2026-02-21 21:42:49 |t zv. 2 |w 2026-02-21 |y PREZ | ||
| 952 | |0 0 |1 0 |4 0 |7 0 |a SNK |b SNK |d 2013-10-24 |f 1 |i snkKSP 6977/70 |l 0 |o snkČSC 1028/12/1970/3 |p 17A0813228 |r 2026-02-21 21:42:49 |t zv. 3 |w 2026-02-21 |y PREZ | ||
| 952 | |0 0 |1 0 |4 0 |7 0 |a SNK |b SNK |d 2013-10-24 |f 1 |i snkKSP 5582/71 |l 0 |o snkČSC 1028/13/1971/1 |p 17A0813230 |r 2026-02-21 21:42:49 |t zv. 1 |w 2026-02-21 |y PREZ | ||
| 952 | |0 0 |1 0 |4 0 |7 0 |a SNK |b SNK |d 2013-10-24 |f 1 |i snkKSP 1549/72 |l 0 |o snkČSC 1028/13/1971/2 |p 17A0813231 |r 2026-02-21 21:42:52 |t zv. 2 |w 2026-02-21 |y PREZ | ||
| 952 | |0 0 |1 0 |4 0 |7 0 |a SNK |b SNK |d 2013-10-24 |f 1 |i snkKSP 7697/72 |l 0 |o snkČSC 1028/14/1972/1 |p 17A0813233 |r 2026-02-21 21:42:52 |t zv. 1 |w 2026-02-21 |y PREZ | ||
| 952 | |0 0 |1 0 |4 0 |7 0 |a SNK |b SNK |d 2013-10-24 |f 1 |i snkKSP 6469/73 |l 0 |o snkČSC 1028/14/1972/2 |p 17A0813234 |r 2026-02-21 21:42:52 |t zv. 2 |w 2026-02-21 |y PREZ | ||
| 952 | |0 0 |1 0 |4 0 |7 0 |a SNK |b SNK |d 2013-10-24 |f 1 |i snkKSP 6471/73 |l 0 |o snkČSC 1028/15/1973/1 |p 17A0813235 |r 2026-02-21 21:42:52 |t zv. 1 |w 2026-02-21 |y PREZ | ||
| 952 | |0 0 |1 0 |4 0 |7 0 |a SNK |b SNK |d 2013-10-24 |f 1 |i snkKSP 6184/74 |l 0 |o snkČSC 1028/16/1974/1 |p 17A0813237 |r 2026-02-21 21:42:53 |t zv. 1 |w 2026-02-21 |y PREZ | ||
| 952 | |0 0 |1 0 |4 0 |7 0 |a SNK |b SNK |d 2013-10-24 |f 1 |i snkKSP 6899/75 |l 0 |o snkČSC 1028/16/1974/2 |p 17A0813238 |r 2026-02-21 21:42:53 |t zv. 2 |w 2026-02-21 |y PREZ | ||
| 952 | |0 0 |1 0 |4 0 |7 0 |a SNK |b SNK |d 2013-10-24 |f 1 |i snkKSP 3263/77 |l 0 |o snkČSC 1028/18/1976/2 |p 17A0813242 |r 2026-02-21 21:42:53 |t zv. 2 |w 2026-02-21 |y PREZ | ||
| 952 | |0 0 |1 0 |4 0 |7 0 |a SNK |b SNK |d 2013-10-24 |f 1 |i snkKSP 2359/79 |l 0 |o snkČSC 1028/20/1978/1 |p 17A0813243 |r 2026-02-21 21:42:53 |t zv. 1 |w 2026-02-21 |y PREZ | ||
| 952 | |0 0 |1 0 |4 0 |7 0 |a SNK |b SNK |d 2013-10-24 |f 1 |i snkKSP 161/80 |l 0 |o snkČSC 1028/20/1978/2 |p 17A0813244 |r 2026-02-21 21:42:53 |t zv. 2 |w 2026-02-21 |y PREZ | ||
| 952 | |0 0 |1 0 |4 0 |7 0 |a SNK |b SNK |d 2017-01-27 |i snkKSP 5521/67 |l 0 |o snkČSC 1028/9/1967/1 D1 |p 17A0466284 |r 2026-02-21 21:48:15 |w 2026-02-21 |y PREZ | ||


